<Das> Versicherungsbuch Versicherungsbegriffe von A bis Z. Ein Handbuch für Versicherer und Versicherte

Salvato in:
Dettagli Bibliografici
Autore principale: Wendling, Peter
Natura: Libro
Lingua:tedesco
Pubblicazione: Zürich OESCH 1990
Edizione:1. Aufl.
Soggetti:
Tags: Aggiungi Tag
Nessun Tag, puoi essere il primo ad aggiungerne!!

MARC

LEADER 00000nam a2200000 4500
001 c004090
005 20221215124935.5
020 |a 3-85833-390-5 
041 0 |a ger 
044 |a CH 
245 1 0 |a <Das> Versicherungsbuch  |b Versicherungsbegriffe von A bis Z. Ein Handbuch für Versicherer und Versicherte  |c Peter Wendling 
250 |a 1. Aufl. 
264 1 |a Zürich  |b OESCH  |c 1990 
300 |a 218 s. 
610 2 0 |a poistenie 
610 2 0 |a poisťovatelia 
610 2 0 |a poistenci 
610 2 0 |a poisťovníctvo 
100 1 |a Wendling, Peter